Precast concrete structures (Record no. 103873)

MARC details
000 -LEADER
fixed length control field 00931cam a2200229 4500
008 - FIXED-LENGTH DATA ELEMENTS--GENERAL INFORMATION
fixed length control field 041125n2002 000 0 eng u
020 ## - INTERNATIONAL STANDARD BOOK NUMBER
International Standard Book Number 0750650842
035 ## - SYSTEM CONTROL NUMBER
System control number (Sirsi) u128141
041 ## - LANGUAGE CODE
Language code of text/sound track or separate title eng.
050 ## - LIBRARY OF CONGRESS CALL NUMBER
Classification number 693.5
-- 18
100 ## - MAIN ENTRY--PERSONAL NAME
Personal name Elliott, K.
245 ## - TITLE STATEMENT
Title Precast concrete structures
260 ## - PUBLICATION, DISTRIBUTION, ETC.
Place of publication, distribution, etc. Oxford
Name of publisher, distributor, etc. Butterworth-Heinemann
Date of publication, distribution, etc. 2002
300 ## - PHYSICAL DESCRIPTION
Extent xi, 375p.
Other physical details ill.
Dimensions 2002
350 ## - PRICE (NR) (BK AM CF MU VM SE) [OBSOLETE]
Price 39.99
520 ## - SUMMARY, ETC.
Summary, etc. Introductory text on precast concrete structures. Examines the subject in detail, looking at the design process, manufacture and construction using precast concrete for multi-storey buildings. Detailed structural analysis of the material and its use is provided, with the theory supported by practical case studies and worked examples.
650 ## - SUBJECT ADDED ENTRY--TOPICAL TERM
Topical term or geographic name entry element PRECAST CONCRETE
650 ## - SUBJECT ADDED ENTRY--TOPICAL TERM
Topical term or geographic name entry element MULTI STOREY BUILDINGS
650 ## - SUBJECT ADDED ENTRY--TOPICAL TERM
Topical term or geographic name entry element REINFORCED CONCRETE
690 ## - LOCAL SUBJECT ADDED ENTRY--TOPICAL TERM (OCLC, RLIN)
Topical term or geographic name as entry element BUILT ENVIRONMENT-BUILDING MATERIALS
942 ## - ADDED ENTRY ELEMENTS (KOHA)
Suppress in OPAC 0
Holdings
Withdrawn status Lost status Source of classification or shelving scheme Damaged status Not for loan Home library Current library Shelving location Date acquired Cost, normal purchase price Total Checkouts Full call number Barcode Date last seen Date last checked out Copy number Cost, replacement price Price effective from Koha item type
    Dewey Decimal Classification     London London Books 06/12/2004 36.99 4 693.5 ELL 30069736 06/08/2019 15/09/2006 1 36.99 06/08/2019 Book